00598nam a2200169 450000500170000000800410001702000150005804000330007305000220010610000180012824501080014626000510025430000200030550400400032570000150036585200480038020181126100823.0181126b xxu||||| |||| 00| 0 eng 0 a0801837642 aNG-ZaABUcNG-ZaABUdNG-ZaABU aHF 1359 Gilb1353 aGill, stephen aThe global political economyb: Perspectives, problems and policiescStephen Gill and David Lawh[text] aBaltimorebJohn Hopkins University Pressc1988 axxvi, 394p.ill. aIncludes Bibliographical references aLaw, David aArewa House LibrarycMain collection p1353